| 000 | 01196nam0a22002531 4500 | ||
|---|---|---|---|
| 001 | rc\626405 | ||
| 005 | 20260406150209.0 | ||
| 035 | _a(NLR Aleph) 005868953 | ||
| 090 |
_a5958270 _c5958270 |
||
| 100 | _a20031121d1986 |||y0rusy50 ca | ||
| 101 | 0 | _arus | |
| 102 | _aRU | ||
| 105 | _ay ||||||||| | ||
| 200 | 1 |
_aИСПОЛЬЗОВАНИЕ художественной литературы в процессе изучения педагогических дисциплин _e(Метод. рекомендации) _fМ-во просвещения УзССР, Карш. гос. пед. ин-т им. Х. Алимджана, Пед. о-во УзССР. Кашкадар. обл. отд-ние _g[Сост. к. п. н. А.Ч. Чориевым] |
|
| 210 |
_aКарши _cБ. и. _d1986 |
||
| 215 |
_a32 с. _d19 |
||
| 320 | _aБиблиогр.: с. 17-31 | ||
| 702 | 1 |
_aЧориев _bА.Ч. _gАбдишукур Чориевич _4220 |
|
| 712 | 0 | 2 |
_aКаршинский педагогический институт им. Хамида Алимджана _3RU\NLR\AUTH\889925627 _9347051 |
| 801 | 0 |
_aRU _bNLR _gpsbo |
|
| 801 | 1 |
_aRU _bELAR _2rusmarc |
|
| 852 |
_aNLR _j87-4/9909 |
||
| 942 | _cBOOK | ||
| 980 | _aNB | ||